000
00330 a2200145 4500
001
191370
020
_a
040
_c
Magnum
100
_a
Santoro, Ângela
240
1
0
_a
Olho de peixe: a família mixirica
_l
por
245
1
0
_a
Olho de peixe: a família mixirica
300
_a
22
697
_a
LITERATURA INFANTO
942
_c
BK
999
_c
191370
_d
191370